| 000 | 01312nam a2200349 c 4500 | ||
|---|---|---|---|
| 001 | 5237 | ||
| 003 | ES-MaCES | ||
| 005 | 20150907113319.0 | ||
| 008 | 970422s1996 sp ||| | spa d | ||
| 035 | _aCES19980052782m | ||
| 040 |
_aES-MaCES _bspa _cES-MaCES |
||
| 100 | 1 |
_98943 _aCarabaña Morales, Julio |
|
| 245 | 1 | 3 |
_aUn análisis de la movilidad de clase según la encuesta sociodemográfica _cJulio Carabaña, José S. Martínez García |
| 260 |
_aMadrid _bConsejo Superior de Investigaciones Científicas, Instituto de Estudios Sociales Avanzados _c1996 |
||
| 300 |
_a24 p. _c22 cm |
||
| 490 | 1 |
_aDocumento de trabajo _v96-03 |
|
| 504 | _aBibliografía: p. 22 | ||
| 541 | _cCompra | ||
| 650 | 4 |
_aclase social _927296 |
|
| 650 | 4 |
_amovilidad social _927297 |
|
| 650 | 4 |
_afamilia _927318 |
|
| 650 | 4 |
_aposición profesional _929465 |
|
| 650 | 4 |
_aEspaña _926964 |
|
| 650 | 4 |
_ainvestigación sociológica _927260 |
|
| 653 | 1 | 0 | _aCiencias Sociales-Políticas |
| 700 | 1 |
_aMartínez García, José S. _917829 |
|
| 710 | 1 |
_aInstituto de Estudios Sociales Avanzados (Madrid) _eed. _94165 |
|
| 830 | 0 |
_aDocumento de trabajo (Instituto de Estudios Sociales Avanzados (Madrid)) _v96-03 _932808 |
|
| 902 | _aDOC Literatura gris | ||
| 942 |
_2CES _cBK _h7.0. |
||
| 999 |
_c5237 _d5237 |
||